Anem al teatre : teatre, música i dansa per a educació infantil, primària i secundària : memòria : curs 2004-2005 teatre, música i dansa per a educació infantil, primària i secundària :
Descripción Física:
16 p. : gràfics ; 30 cm
MARC
| LEADER | 00000nam a2200000Ia 4500 | ||
|---|---|---|---|
| 001 | 20930 | ||
| 008 | 160829s2005 xx 000 0 cat d | ||
| 080 | |a B-2-178 | ||
| 245 | |a Anem al teatre : |b teatre, música i dansa per a educació infantil, primària i secundària : |b memòria : |b curs 2004-2005 | ||
| 260 | |a Barcelona : |b Diputació de Barcelona. Àrea de Cultura. : |b Àrea d'Educació, |c 2005 | ||
| 300 | |a 16 p. : |b gràfics ; |c 30 cm | ||
| 650 | |a Teatre |x Barcelona (Província) |x Estadístiques |9 40054 | ||
| 710 | |a Barcelona (Catalunya : Província). |b Àrea d'Educació |9 8009 | ||
| 710 | 1 | |a Barcelona (Catalunya : Província). |b Àrea de Cultura |9 53536 | |
| 901 | |a Arxiu | ||
| 942 | |n 1 | ||
| 952 | |0 0 |1 0 |4 0 |6 B2178 |7 1 |9 55131 |a Arxiu |b Arxiu |d 2016-12-01 |l 0 |o B-2-178 |p 20930 |r 2016-12-01 00:00:00 |w 2016-12-01 |y ARXIU | ||
| 999 | |c 59003 |d 59003 | ||